000 00558nam a2200181Ia 4500
008 090124s9999 xx 000 0 und d
082 _b6268
_a859
100 _aसावरकर बाबाराव
245 _a हिन्दूराष्ट्र
250 _a1
260 _c1942
300 _a212
600 _aसावरकर बाबाराव
630 _a हिन्दूराष्ट्र
700 _aसावरकर बाबाराव
730 _a हिन्दूराष्ट्र
942 _cBOOK
999 _c120209
_d120209